|
|
|
|
| LEADER |
00615cam a2200181 7i4500 |
| 001 |
0000024050 |
| 005 |
20100119090000.0 |
| 090 |
0 |
0 |
|a EGPT 338.4791
|b TRA
|
| 245 |
0 |
0 |
|a Travel and tourism - Egypt :
|b November 2008.
|
| 260 |
0 |
0 |
|a London:
|b Euromonitor International,
|c 2008.
|
| 300 |
# |
# |
|a 77 p.
|
| 440 |
0 |
0 |
|a Country market insight : November 2008
|
| 650 |
0 |
0 |
|a Travel --
|x Markets --
|z Egypt
|
| 650 |
0 |
0 |
|a Tourism --
|x Markets --
|z Egypt
|
| 650 |
0 |
0 |
|a Car rental --
|x Markets --
|z Egypt
|
| 650 |
0 |
0 |
|a Transportation --
|x Markets --
|z Egypt
|
| 651 |
0 |
0 |
|a Egypt
|
| 999 |
|
|
|a B000025432
|b Book
|c Countries
|e Business Information Centre
|